| 000 | 00819nam a2200241 i 4500 | ||
|---|---|---|---|
| 001 | 58440 | ||
| 003 | ES-MaACL | ||
| 005 | 20231114062532.0 | ||
| 007 | t| | ||
| 008 | 031022s1964 sp ||||1| spa d | ||
| 100 | 0 |
_aDuras, Marguerite, _d1914-1996 _946279 |
|
| 245 | 1 | 0 |
_aHiroshima mon amor _b: guión y diálogos / _cMarguerite Duras ; dirección, Alain Resnais ; [traducción de Caridad Martínez]. |
| 260 |
_aBarcelona : _bSeix Barral, _c1964. |
||
| 300 |
_a151 p., 9 lám. ; _c18 cm. |
||
| 490 | 1 |
_aBiblioteca breve ; _v194 |
|
| 655 | 7 |
_2tgfbne _aGuiones cinematográficos _9234355 |
|
| 700 | 1 |
_aResnais, Alain. _996331 |
|
| 700 | 1 |
_aMartínez, Caridad. _977723 |
|
| 830 | 1 |
_aBiblioteca breve (Seix Barral) _v194 _9227188 |
|
| 852 |
_aES-MaACL _jC-25725 |
||
| 942 | _2udc | ||
| 999 |
_c58440 _d58440 |
||